000 00435nam a2200145Ia 4500
008 100204s9999 xx 000 0 und d
082 _b16104
100 _aपोतदार भारती
245 _aअंकुर
260 _b"मराठी जनसाहित्य परिषद , अमरावती"
_c1991
300 _a108
630 _aअंकुर
730 _aअंकुर
942 _cBOOK
999 _c460527
_d460524